| 000 | 00825nam a2200265 i 4500 | ||
|---|---|---|---|
| 001 | bg | ||
| 100 | 1 | _aKrólak, Marian. | |
| 245 | 1 | 0 |
_aZbiór zadań z wytrzymałości materiałów. _nCz. 1 / _cMarian Królak, Tadeusz Gałkiewicz ; Politechnika Łódzka. |
| 260 |
_aŁódź : _bWydawnictwo Politechniki Łódzkiej, _c2008. |
||
| 300 |
_a215 s. : _bil. ; _c24 cm. |
||
| 504 | _aBibliogr. s. 215. | ||
| 650 | 9 | _aWytrzymałość materiałów | |
| 650 | 9 | _aNaprężenia i odkształcenia | |
| 655 | _aPodręczniki akademickie | ||
| 700 | 1 |
_aGałkiewicz, Tadeusz _d(1925- ). |
|
| 015 | _aPB 5519/2009 | ||
| 020 | _a9788372832771 | ||
| 040 | _cBPK | ||
| 041 | _apol | ||
| 044 | _aPOL | ||
| 080 | _a620.17:539.3/.4(075.8) | ||
| 920 | _a978-83-7283-277-1 | ||
| 942 | _cKS | ||
| 008 | 090512s2008 pl a f f |000 0 pol | ||
| 999 |
_c56306 _d56306 |
||
| 856 |
_uhttp://koha.tu.koszalin.pl/cgi-bin/koha/opac-detail.pl?biblionumber=56306 _yKatalog online BPK |
||